|
|
|
|
| LEADER |
00000nab a2200000 a 4500 |
| 001 |
vtls009512649 |
| 003 |
SK-MaSNL |
| 005 |
20260303061155.0 |
| 008 |
090514 2009 xo r r 000 0 slo |
| 015 |
|
|
|a SNBRB2009/05
|2 kevkjb
|
| 038 |
|
|
|a KEVKJB
|
| 040 |
|
|
|a KEVKJB
|b slo
|c KEVKJB
|e AACR2
|
| 041 |
0 |
|
|a slo
|
| 044 |
|
|
|a xo
|c SK
|
| 080 |
|
|
|a 32-051
|2 2001
|
| 080 |
|
|
|a 929 Čič, Milan
|2 2001
|
| 100 |
1 |
|
|a Mihočková, Eva
|4 aut
|9 1035619
|
| 245 |
1 |
0 |
|a Končí
|b šéf Kancelárie prezidenta Milan Čič sa zberá na dôchodok. nahradí ho Bubo ?
|c Eva Mihočková
|
| 300 |
|
|
|b Obr.
|
| 600 |
1 |
7 |
|a Čič, Milan,
|d 1932-2012
|2 kevkjb
|9 106535
|
| 773 |
0 |
|
|t Plus 7 dní
|g Roč. XIX, č. 20 (2009), s. 26-27
|x 1210-2040
|
| 852 |
|
|
|a KEVKJB
|b KIS3GCP
|
| 958 |
|
|
|a BX
|
| 999 |
|
|
|c 1734549
|d 1736479
|